000 00635nam a2200205 i 4500
001 148762
003 ES-MaACL
005 20250728223634.0
007 t|
008 070214s1964 sp r ||||1| spa d
100 1 _aSuárez, Federico.
_9108558
245 1 0 _aIntroducción a Donoso Cortés /
_cFederico Suárez.
260 _aMadrid :
_bRialp,
_c1964 (
_fIndustrias Gráf. España)
300 _a273 p. ;
_c20 cm.
490 1 _aNaturaleza e historia ;
_v7
600 1 4 _aDonoso Cortés, Juan,
_d1809-1853
_945341
830 1 0 _aNaturaleza e historia
_v7
_9182943
852 _aES-MaACL
_jC-25042
999 _c148762
_d148762